Crutial factors of customer satisfaction that can be used to maintain or enhance market share of a corrugted company

Bibliographic Details
Main Author: Sajben Fanni
Other Authors: Szabó Dr. habil Zoltán
Format: Thesis
Kulcsszavak:Vevői elégedettség
Korrugált ipar
Szolgáltatásminőség
Piaci részesedés
Online Access:http://dolgozattar.uni-bge.hu/18745

MARC

LEADER 00000nta a2200000 i 4500
001 dolg18745
005 20200324060118.0
008 181203suuuu hu om 000 eng d
040 |a BGE Dolgozattár Repozitórium  |b hun 
041 |a en 
100 1 |a Sajben Fanni 
245 1 0 |a Crutial factors of customer satisfaction that can be used to maintain or enhance market share of a corrugted company  |c Sajben Fanni  |h [elektronikus dokumentum] 
246 1 1 |a A vevői elégedettség kulcsfontosságú tényezői, amelyek a korrugált vállalat piaci részesedésének fenntartására vagy növelésére szolgálhatnak 
246 1 1 |a Crutial factors of customer satisfaction that can be used to maintain or enhance market share of a corrugted company 
695 |a Vevői elégedettség 
695 |a Korrugált ipar 
695 |a Szolgáltatásminőség 
695 |a Piaci részesedés 
700 1 |a Szabó Dr. habil Zoltán  |e ths 
856 4 0 |u http://dolgozattar.uni-bge.hu/18745/1/Thesis_Sajben_Fanni%20%281%29.pdf  |z Dokumentum-elérés 
856 4 0 |u http://dolgozattar.uni-bge.hu/18745/7/HivatalosBejegyzes.pdf  |z Dokumentum-elérés